[Event "Madrid-ch Seniors 65+"]
[Site "Madrid"]
[Date "2022.04.25"]
[Round "5"]
[White "Castro Uceda, Jose Antonio"]
[Black "Garcia Marin, Blas"]
[Result "0-1"]
[WhiteElo "1446"]
[BlackElo "1347"]
[PlyCount "110"]
[EventDate "2022.04.18"]
[EventType "swiss"]
[EventRounds "7"]
[EventCountry "ESP"]
[SourceTitle "EXT 2023"]
[Source "ChessBase"]
[SourceDate "2022.10.05"]
[SourceVersion "1"]
[SourceVersionDate "2022.10.05"]
[SourceQuality "1"]

1. e4 e6 2. Qe2 Nc6 3. Nf3 d6 4. d4 d5 5. e5 b6 6. a3 Bb7 7. Qe3 h6 8. Nc3 a6 9. Bd3 Qd7 10. Bd2 Nge7 11. Qe2 Nf5 12. Bxf5 exf5 13. h4 Be7 14. Bf4 0-0-0 15. 0-0-0 Na5 16. Rhe1 Qe6 17. Qd3 Nc4 18. Nd2 b5 19. Ncb1 g5 20. hxg5 hxg5 21. g4 gxf4 22. gxf5 Qc6 23. f6 Bf8 24. Qf5+ Kb8 25. e6 fxe6 26. Rxe6 Bc8 27. Rxc6 Bxf5 28. f7 Kb7 29. Rf6 Nd6 30. Re1 Rh7 31. Rxf5 Nxf5 32. Re8 Rh1+ 33. Nf1 Rd7 34. Rxf8 Kc6 35. Nbd2 Nd6 36. Ra8 Rxf7 37. Rxa6+ Kb7 38. Ra5 c6 39. c3 Ne4 40. Kc2 Nxf2 41. a4 Ne4 42. axb5 Nxd2 43. Nxd2 cxb5 44. Rxb5+ Kc6 45. Rc5+ Kd6 46. Nf3 Re7 47. Ra5 Re2+ 48. Kb3 Rf1 49. Ra6+ Kc7 50. Ne5 f3 51. Rf6 f2 52. Ng4 Rb1 53. Rf7+ Kd6 54. Rxf2 Rbxb2+ 55. Ka3 Rxf2 0-1

[Event "Madrid-ch Seniors 65+"]
[Site "Madrid"]
[Date "2022.04.18"]
[Round "1"]
[White "Maseda Iglesias, Luis"]
[Black "Garcia Marin, Blas"]
[Result "1-0"]
[WhiteElo "1657"]
[BlackElo "1347"]
[PlyCount "79"]
[EventDate "2022.04.18"]
[EventType "swiss"]
[EventRounds "7"]
[EventCountry "ESP"]
[SourceTitle "EXT 2023"]
[Source "ChessBase"]
[SourceDate "2022.10.05"]
[SourceVersion "1"]
[SourceVersionDate "2022.10.05"]
[SourceQuality "1"]

1. d4 d5 2. Nf3 Nc6 3. e3 g6 4. c4 e6 5. Nc3 Bg7 6. Be2 a6 7. 0-0 dxc4 8. Bxc4 b5 9. Be2 Bb7 10. a3 Nf6 11. Qc2 Ne7 12. Rd1 Ned5 13. Nxd5 Bxd5 14. Bd2 Be4 15. Qb3 0-0 16. Bb4 Bd5 17. Qc2 Re8 18. Rac1 Rc8 19. Ba5 Re7 20. Ne5 Be4 21. Bd3 Qd5 22. Bxe4 Nxe4 23. Nc6 Rd7 24. Nb4 Qf5 25. f3 Qg5 26. Qxe4 Qe7 27. Nc6 Qe8 28. Qc2 Bh6 29. Bd2 Bg7 30. f4 f5 31. Bb4 Bf6 32. Ne5 Bxe5 33. dxe5 Rd5 34. Rxd5 exd5 35. Qc6 Qf7 36. Qxa6 Qd7 37. Qc6 Qd8 38. Qe6+ Kg7 39. Be7 Qh8 40. Bf6+ 1-0

[Event "Madrid-ch Seniors 65"]
[Site "Madrid"]
[Date "2020.08.31"]
[Round "8"]
[White "Garcia Marin, Blas"]
[Black "Beekhof Harmsen, Willen"]
[Result "0-1"]
[WhiteElo "1441"]
[BlackElo "1437"]
[PlyCount "128"]
[EventDate "2020.03.09"]
[EventType "swiss"]
[EventRounds "8"]
[EventCountry "ESP"]
[SourceTitle "EXT 2021"]
[Source "ChessBase"]
[SourceDate "2020.10.23"]
[SourceVersion "1"]
[SourceVersionDate "2020.10.23"]
[SourceQuality "1"]

1. e4 e5 2. Nf3 Nc6 3. Bc4 Nf6 4. d3 d6 5. c3 Na5 6. Nbd2 Nxc4 7. Nxc4 b5 8. Ne3 g6 9. 0-0 Bg7 10. a4 bxa4 11. Rxa4 Bd7 12. Ra2 0-0 13. b4 Nh5 14. h3 Be6 15. Ra3 c6 16. Nh2 a5 17. Nc2 axb4 18. Nxb4 Rxa3 19. Bxa3 Qb6 20. Bc1 Ra8 21. Be3 c5 22. Qd2 f5 23. Nd5 Bxd5 24. exd5 f4 25. g4 fxe3 26. fxe3 Nf6 27. Qf2 Rf8 28. Qg2 c4 29. d4 exd4 30. exd4 Qa5 31. g5 Nxd5 32. Rxf8+ Bxf8 33. Qe4 Qa1+ 34. Nf1 Nc7 35. Qf3 Qa8 36. Qxa8 Nxa8 37. Ne3 Nb6 38. Kf2 Be7 39. h4 h6 40. gxh6 Bxh4+ 41. Kf3 Kh7 42. Kg4 Be1 43. Nd1 Kxh6 44. Kf3 Nd5 45. Nb2 Nxc3 46. Nxc4 d5 47. Ne3 Kh5 48. Kf4 g5+ 49. Kf3 Bd2 50. Ng4 Kh4 51. Nf2 Bf4 52. Nd3 Bc7 53. Ne5 Bb6 54. Kg2 Bxd4 55. Nf3+ Kg4 56. Nxd4 Kf4 57. Ne6+ Kf5 58. Nd4+ Ke4 59. Nf3 g4 60. Nh2 Kd3 61. Nf1 Ne2 62. Nh2 g3 63. Nf3 Kc3 64. Ne1 d4 0-1

[Event "Madrid-ch Seniors 65"]
[Site "Madrid"]
[Date "2020.08.29"]
[Round "6"]
[White "Garcia Marin, Blas"]
[Black "Infante Martin, Alonso"]
[Result "0-1"]
[WhiteElo "1441"]
[BlackElo "1373"]
[PlyCount "68"]
[EventDate "2020.03.09"]
[EventType "swiss"]
[EventRounds "8"]
[EventCountry "ESP"]
[SourceTitle "EXT 2021"]
[Source "ChessBase"]
[SourceDate "2020.10.23"]
[SourceVersion "1"]
[SourceVersionDate "2020.10.23"]
[SourceQuality "1"]

1. e4 e5 2. Nf3 Nc6 3. Bc4 Nf6 4. d3 d6 5. c3 Be7 6. 0-0 0-0 7. Nbd2 Re8 8. Bb3 a6 9. Re1 Bf8 10. Nf1 g6 11. Ng3 Bg7 12. Bg5 h6 13. Be3 b6 14. Nh4 Bg4 15. f3 Bd7 16. Nxg6 Na5 17. Nf5 Nxb3 18. Qxb3 Be6 19. c4 fxg6 20. Nxh6+ Kh7 21. Ng4 Bxg4 22. fxg4 Nxg4 23. Qd1 Qh4 24. h3 Nxe3 25. Rxe3 Bh6 26. Rf3 Rf8 27. g4 Rf4 28. Qe2 Rxf3 29. Qxf3 Rf8 30. Qg2 Be3+ 31. Kh1 Rf2 32. Rf1 Rxg2 33. Kxg2 Bf4 34. Rf3 Qe1 0-1

[Event "Madrid-ch Seniors 65"]
[Site "Madrid"]
[Date "2020.08.28"]
[Round "5"]
[White "Ramos Antona, Enrique"]
[Black "Garcia Marin, Blas"]
[Result "1-0"]
[WhiteElo "1453"]
[BlackElo "1441"]
[PlyCount "101"]
[EventDate "2020.03.09"]
[EventType "swiss"]
[EventRounds "8"]
[EventCountry "ESP"]
[SourceTitle "EXT 2021"]
[Source "ChessBase"]
[SourceDate "2020.10.23"]
[SourceVersion "1"]
[SourceVersionDate "2020.10.23"]
[SourceQuality "1"]

1. d4 d5 2. c4 Nf6 3. Nc3 Nc6 4. Nf3 h6 5. Bf4 Bg4 6. Ne5 Nxe5 7. Bxe5 a6 8. f3 Be6 9. c5 c6 10. e3 Nd7 11. Bg3 f6 12. Bd3 Bf7 13. Qc2 e6 14. Bg6 Qe7 15. 0-0 Bxg6 16. Qxg6+ Qf7 17. Qxf7+ Kxf7 18. Rae1 Re8 19. e4 g5 20. f4 Bg7 21. e5 f5 22. h3 Kg6 23. Bh2 h5 24. fxg5 Kxg5 25. Bf4+ Kg6 26. h4 Bh6 27. g3 Reg8 28. Kh2 Kf7 29. Rg1 Rg4 30. Ne2 Nf8 31. Ref1 Ng6 32. Bxh6 Rxh6 33. b4 Nf8 34. a4 Rhg6 35. Nf4 Rh6 36. Rf3 Ng6 37. Ne2 Re4 38. Rg2 Rg4 39. Rb3 f4 40. Rf3 Ke7 41. Nxf4 Nxf4 42. Rxf4 Rxf4 43. gxf4 Kf7 44. Kh3 Rg6 45. Rg5 Rh6 46. Kg3 Rg6 47. Kf3 Rxg5 48. hxg5 Kg6 49. Kg3 Kh7 50. Kh4 Kg6 51. a5 1-0